Imiona żeńskie nadane dzieciom - Statystyki

Ogólne statystyki
  • Ten quiz został rozwiązany 1 065 razy
  • Średni wynik to 18 z 30
Statystyki odpowiedzi
Lp Liczba wystąpień 1 litera Imię % Poprawnych
2 5558 Z Zuzanna
94%
1 5714 Z Zofia
90%
3 5261 H Hanna
89%
24 1965 A Anna
83%
10 3811 L Lena
83%
26 1862 Ł Łucja
82%
6 4936 J Julia
81%
7 4440 O Oliwia
79%
30 1734 N Natalia
77%
15 3037 W Wiktoria
77%
5 4979 M Maja
71%
11 3732 M Maria
70%
9 4087 P Pola
64%
22 2370 A Aleksandra
63%
13 3143 A Amelia
63%
8 4261 A Alicja
62%
17 2847 I Iga
62%
4 5095 L Laura
60%
20 2680 H Helena
58%
12 3188 E Emilia
57%
29 1792 N Nadia
55%
23 2220 G Gabriela
49%
18 2749 M Michalina
41%
16 2860 L Liliana
40%
25 1927 K Kornelia
38%
14 3133 A Antonina
33%
27 1853 B Blanka
33%
28 1840 N Nela
33%
19 2720 M Marcelina
32%
21 2523 K Klara
27%
Nie znaleziono quizów pasujących do podanych kryteriów
Rozkład punktacji
Procent ludzi z każdym wynikiem
Percentyl według liczby udzielonych odpowiedzi
Twoja historia wyników
Nie rozwiązałeś tego quizu